[Event "Pavlodar Open 2018"]
[Site "Pavlodar"]
[Date "2018.11.26"]
[Round "5"]
[White "Agmanov, Zhandos"]
[Black "Stupak, Kirill"]
[Result "0-1"]
[WhiteElo "2368"]
[BlackElo "2580"]
[Annotator "TA"]
[PlyCount "116"]
[EventDate "2018.11.23"]
[EventType "swiss"]
[EventCountry "KAZ"]
[SourceTitle "playchess.com"]
[Source "ChessBase"]
[SourceQuality "1"]

{[%evp 14,116,8,4,7,7,9,8,55,48,60,60,68,59,57,74,71,64,87,75,79,94,94,63,70,67,63,19,16,0,0,0,0,0,0,-7,0,0,47,34,82,84,78,87,95,81,80,53,79,50,58,0,90,21,43,38,33,-65,-57,-56,-49,-51,-42,-47,-46,-44,-45,-72,-70,-68,-65,-65,-75,-71,-87,-66,-59,-211,-207,-199,-207,-300,-300,-362,-266,-253,-271,-341,-333,-334,-266,-441,-437,-735,-704,-816,-812,-896,-898,-887,-824,-772,-739,-675,-658]} 1. e4 c6 2. d4 d5 3. e5 Bf5 4. Nf3 e6 5. Be2 Nd7 6. O-O Ne7 7. c4 dxc4 {B12: Caro-Kann: Advance Variation} 8. Bxc4 {LiveBook: 12 Games} Nd5 (8... Bxb1 9. Rxb1 Nd5 10. Bg5 Be7 11. Bxe7 Qxe7 12. Nd2 N7b6 13. Be2 O-O 14. Ne4 Rad8 {½-½ (14) Nomin Erdene,D (2427)-Drazic,S (2426) Novi Sad 2015}) 9. Nc3 Be7 {The position is equal.} 10. Bd3 Bg6 $146 ({Predecessor:} 10... Bxd3 11. Qxd3 O-O 12. Ne4 h6 13. Ng3 {0-1 (40) Keskec,Y-Demir,U (1671) Antalya 2013}) 11. Bxg6 fxg6 12. Ne4 {aiming for Nfg5.} h6 13. Ne1 O-O 14. Qg4 {[%mdl 64] Double Attack} Kh7 15. Nf3 (15. Qxe6 Rf5 $17) 15... Rf7 16. Qh3 ({Much worse is} 16. Qxe6 Rf5 $15) 16... Nf4 17. Bxf4 $1 Rxf4 18. Rfe1 (18. Nfd2 {looks sharper.} Bb4 19. g3 Rf5 20. Nc4 Nb6 21. Ncd6) 18... Nf8 19. Qg3 Rf5 20. Rad1 g5 21. h3 Ng6 22. Nh2 Bb4 23. Rf1 Qd5 24. Qd3 Rf4 25. Ng3 Raf8 26. a3 $36 {[%mdl 2048] White fights for an advantage.} Ba5 27. Ng4 Bb6 {[%cal Rf4d4]} 28. Ne2 R4f7 29. Ne3 (29. b4 {is interesting.} Qd8 30. Ne3 a5 31. Nc4 axb4 32. Nd6) 29... Qd8 30. Qe4 Qe8 31. Nc4 {Black must now prevent Nd6.} Bc7 $1 32. Ne3 (32. b4 $14) 32... h5 (32... Bb6 $11 {remains equal.}) 33. h4 ({White should play} 33. Ng3 $16) 33... g4 34. g3 Rf3 35. Nxg4 ({Of course not} 35. Nf4 R8xf4 36. gxf4 Rxf4 $15) ({White should try} 35. Nc4 $14) 35... hxg4 $15 36. h5 Kh6 $1 {[%cal Rh6h5]} 37. hxg6 Qxg6 38. Qxg6+ Kxg6 39. Nf4+ Kf5 40. Ng2 {With the idea Nh4+.} Rb3 41. Ne3+ Kg5 42. Rd2 $1 Ba5 43. Re2 {[#]} Rd3 $1 44. Nc4 Bb6 $1 45. Nxb6 $2 (45. Kg2 $15) 45... axb6 {[%cal Ba7b6,Bb6b5][%mdl 4128] Endgame KRR-KRR} ({Don't play} 45... Rxd4 46. Na4 $17) 46. Re4 Rd2 47. b4 {[#]} (47. d5 $142 exd5 48. Rf4 Rxf4 49. gxf4+ Kg6 50. Kg2) 47... b5 $1 $19 48. Re3 Rxd4 49. Kg2 Rd2 50. Rc3 Rf5 51. Re3 Rf7 52. Kg1 $2 (52. Rc3 {might work better.}) 52... Rf3 {Black is clearly winning.} 53. Rxf3 (53. Ree1 $142 Rxa3 54. Rd1) 53... gxf3 {KR-KR} 54. Re1 Rd4 55. Re3 Kg4 56. Kh2 g5 57. Re1 Rd2 58. Kg1 Kf5 {Accuracy: White = 51%, Black = 84%.} 0-1

[Event "Pavlodar Open 2018"]
[Site "Pavlodar"]
[Date "2018.11.26"]
[Round "5"]
[White "Rakhimzhan, Alen"]
[Black "Burmakin, Vladimir"]
[Result "1/2-1/2"]
[WhiteElo "2252"]
[BlackElo "2531"]
[Annotator "TA"]
[PlyCount "40"]
[EventDate "2018.11.23"]
[EventType "swiss"]
[EventCountry "KAZ"]
[SourceTitle "playchess.com"]
[Source "ChessBase"]
[SourceQuality "1"]

{[%evp 25,40,24,28,8,6,0,0,0,0,-7,-7,-7,3,-22,-11,-17,-9]} 1. d4 Nf6 2. c4 e6 3. Nc3 d5 4. cxd5 exd5 5. Bg5 c6 6. e3 Be7 7. Qc2 h6 8. Bh4 Nbd7 9. Bd3 Nh5 10. Bxe7 {D36: Queen's Gambit Declined: Exchange Variation: Main line (5 Bg5 c6 6 Qc2)} Qxe7 11. O-O-O {[%cal Be1c1,Bc1b1,Bb1a1][%mdl 32]} Nb6 12. Kb1 Be6 13. Nf3 O-O-O {[#] LiveBook: 3 Games} 14. Ka1 $146 ({Predecessor:} 14. Na4 Nf6 15. Nc5 Bg4 16. Rc1 Bxf3 17. gxf3 {½-½ (49) Rodshtein,M (2673)-Trent,L (2452) Germany 2016}) 14... Kb8 {The position is equal.} 15. Na4 Nxa4 16. Qxa4 Nf6 17. Rc1 Ne4 18. Qc2 Bf5 19. Nd2 Nxd2 20. Qxd2 Bxd3 1/2-1/2

[Event "Pavlodar Open 2018"]
[Site "Pavlodar"]
[Date "2018.11.27"]
[Round "6"]
[White "Stupak, Kirill"]
[Black "Kostenko, Petr"]
[Result "0-1"]
[WhiteElo "2580"]
[BlackElo "2449"]
[Annotator "TA"]
[PlyCount "64"]
[EventDate "2018.11.23"]
[EventType "swiss"]
[EventCountry "KAZ"]
[SourceTitle "playchess.com"]
[Source "ChessBase"]
[SourceQuality "1"]

{[%evp 10,64,35,0,33,20,32,14,52,55,60,64,48,25,25,31,63,73,70,66,63,54,69,23,25,21,22,5,12,10,20,17,31,31,34,0,0,0,63,96,103,95,114,110,126,110,110,-44,-58,-84,179,-131,-45,-128,-92,-1983,-1772]} 1. d4 Nf6 2. c4 e6 3. g3 c5 4. Nf3 cxd4 5. Nxd4 Qc7 6. b3 Nc6 {A32: Symmetrical English: 2 Nf3 Nf6 3 d4 cxd4 4 Nxd4 e6} 7. Bg2 d5 8. O-O Nxd4 {The position is equal.} 9. Qxd4 {[%cal Rc4d5]} Bc5 10. Qd3 $1 {[%cal Rc4d5]} d4 11. a3 a5 12. e3 dxe3 $146 ({Predecessor:} 12... Qb6 13. exd4 Bxd4 14. Ra2 {½-½ (31) Haba,P (2488)-Volokitin,A (2640) Austria 2016}) 13. Bxe3 Bxe3 14. Qxe3 Bd7 15. Nc3 O-O 16. Rac1 Bc6 17. Nb5 Qe7 18. Rfd1 Rfd8 19. Qb6 $36 {[%mdl 2048] White fights for an advantage.} Bxg2 20. Kxg2 Ne4 21. Rxd8+ Rxd8 22. Qxa5 (22. Nc3 $5 {[%cal Rc3e4]} Nc5 23. Rd1 Rxd1 24. Nxd1 $11) 22... Qf6 23. Rc2 g5 (23... h5 $11 24. Qe1 Qf5) 24. Qe1 $1 $14 {[%cal Re1e4]} Qf5 {[#] Threatening ...Nxg3!} 25. Qe3 $1 g4 {[#]} 26. Nd4 $1 {[%cal Rd4f5]} Qg6 27. Re2 Ng5 28. Kh1 $2 ({White must play} 28. f4 $16 Nh3 29. Rb2) 28... f6 $15 {[%mdl 1024] aiming for ...e5. Black has compensation.} 29. h4 ({Wrong is} 29. Nxe6 $2 Rd1+ 30. Re1 Qb1 $19) 29... e5 $2 {[%mdl 8192]} (29... gxh3 $17 {stays on course.} 30. f4 (30. Nxe6 $2 Rd1+ 31. Re1 Rxe1+ 32. Qxe1 Qe8 $19) 30... Nf7) 30. Nc2 $2 (30. hxg5 $18 Rxd4 31. gxf6 Qxf6 32. Kg2) 30... Rd1+ (30... Nf3 $17 {( -> ...Qxc2!)} 31. Qc1 Qd3) 31. Ne1 ({White should try} 31. Re1 $15 Rd3 32. Qb6) 31... Nf3 $1 $17 32. Qe4 $2 {[%mdl 8192]} (32. Kg2 $17) 32... Nxe1 {Accuracy: White = 35%, Black = 59%.} 0-1

[Event "Pavlodar Open 2018"]
[Site "Pavlodar"]
[Date "2018.11.27"]
[Round "6"]
[White "Burmakin, Vladimir"]
[Black "Kargin, Arseny"]
[Result "1/2-1/2"]
[WhiteElo "2531"]
[BlackElo "2411"]
[Annotator "RC"]
[PlyCount "37"]
[EventDate "2018.11.23"]
[EventType "swiss"]
[EventCountry "KAZ"]
[SourceTitle "playchess.com"]
[Source "ChessBase"]
[SourceQuality "1"]
[TimeControl "5400+30"]

1. Nf3 {[%emt 0:00:00]} d5 {[%emt 0:00:00]} 2. c4 {[%emt 0:00:55]} d4 {[%emt 0:00:35]} 3. g3 {[%emt 0:00:44]} Nc6 {[%emt 0:00:25]} 4. Bg2 {[%emt 0:00:07]} e5 {[%emt 0:00:13]} 5. O-O {[%emt 0:00:07]} Nf6 {[%emt 0:00:55]} 6. e3 {[%emt 0:02:24]} h6 {[%emt 0:15:32]} 7. exd4 {[%emt 0:01:02]} e4 {[%emt 0:10:31]} 8. Re1 {[%emt 0:33:35]} Be7 {[%emt 0:02:11]} 9. Ne5 {[%emt 0:00:08]} Nxd4 {[%emt 0:03:11]} 10. d3 {[%emt 0:04:27]} exd3 {[%emt 0:04:06]} 11. Re3 {[%emt 0:00:26]} Bf5 {[%emt 0:05:17]} 12. Bxb7 {[%emt 0:01:05]} O-O {[%emt 0:02:14]} 13. Nc3 {[%emt 0:01:20]} Rb8 {[%emt 0:12:52]} 14. Bg2 {[%emt 0:00:54]} Re8 {[%emt 0:10:10]} 15. g4 {[%emt 0:05:43]} Bd6 {[%emt 0:08:50]} 16. gxf5 {[%emt 0:01:20]} Bxe5 {[%emt 0:02:40]} 17. Rxd3 {[%emt 0:00:21]} c5 {[%emt 0:00:02]} 18. Nb5 {[%emt 0:09:45]} a6 {[%emt 0:04:06] Nxd4Bxd4 [%clk 0:15:38]} 19. Be3 {[%emt 0:03:53] Rxb2 [%clk 0:15:55]} 1/2-1/2

[Event "Pavlodar Open 2018"]
[Site "Pavlodar"]
[Date "2018.11.27"]
[Round "6"]
[White "Zubarev, Alexander"]
[Black "Vorobiov, Evgeny E."]
[Result "1/2-1/2"]
[WhiteElo "2484"]
[BlackElo "2557"]
[Annotator "TA"]
[PlyCount "39"]
[EventDate "2018.11.23"]
[EventType "swiss"]
[EventCountry "KAZ"]
[SourceTitle "playchess.com"]
[Source "ChessBase"]
[SourceQuality "1"]

{[%evp 22,25,25,9,9,0]} 1. d4 d5 2. Nf3 Nf6 3. c4 dxc4 4. e3 e6 5. Bxc4 c5 6. O-O a6 7. dxc5 Qxd1 8. Rxd1 Bxc5 9. b3 b6 10. Bb2 Nbd7 11. Be2 Bb7 12. Nbd2 O-O {D27: Queen's Gambit Accepted: Classical main line: 7 e4!? and 7 a4} 13. Rac1 {[#]} {Predecessor:} Rfd8 $146 14. Nc4 Bd5 15. Bd4 Rac8 16. Bxc5 Rxc5 17. Nce5 Bxf3 18. Nxf3 Rxc1 19. Rxc1 a5 20. Rc6 {½-½ (40) Nepomniachtchi,I (2705)-Nakamura,H (2816) Baku 2015} 1/2-1/2

[Event "Pavlodar Open 2018"]
[Site "Pavlodar"]
[Date "2018.11.27"]
[Round "6"]
[White "Khusenkhojaev, Muhammad"]
[Black "Khegay, Dmitriy"]
[Result "1/2-1/2"]
[WhiteElo "2455"]
[BlackElo "2505"]
[Annotator "TA"]
[PlyCount "65"]
[EventDate "2018.11.23"]
[EventType "swiss"]
[EventCountry "KAZ"]
[SourceTitle "playchess.com"]
[Source "ChessBase"]
[SourceQuality "1"]

{[%evp 21,65,0,14,6,58,28,44,43,43,45,53,50,46,36,43,43,43,51,66,66,58,0,2,0,0,0,39,28,39,39,41,32,23,22,772,35,270,29,251,-22,-18,-14,390,237,222,0]} 1. Nf3 d5 2. d4 c6 3. c4 e6 4. Qc2 Nf6 5. Bg5 h6 6. Bxf6 Qxf6 7. e3 Nd7 8. Nc3 g6 9. Bd3 Bg7 10. O-O O-O 11. Rad1 Qe7 12. Rfe1 {D43: Semi-Slav: 5 Bg5 h6} f5 (12... dxc4 $11 13. Bxc4 b5) 13. Rb1 $146 ({Predecessor:} 13. Ne2 Kh7 14. Nf4 e5 15. dxe5 dxc4 16. Bxc4 Nxe5 17. Nxe5 Bxe5 18. Re2 Bd7 19. Red2 Rad8 20. Qd3 Be6 21. Nxe6 Rxd3 22. Rxd3 Rf7 23. Rd7 {1-0 (23) Matlakov,M (2441)-Fazulyanov,S (2354) Peterhof 2008}) 13... a6 14. b4 {White is slightly better.} g5 15. a4 g4 {[#] aiming for ...dxc4.} 16. Nd2 Nf6 17. b5 axb5 18. axb5 Ne4 19. Ne2 (19. Ncxe4 fxe4 20. Bf1 e5 $15) (19. Ndxe4 dxe4 20. Bf1 c5 $11) 19... Bd7 {[%cal Bc8d7,Bd7e8,Be8f7][%mdl 32]} 20. bxc6 bxc6 21. Nb3 ({Better is} 21. Nf4 $14) 21... Be8 $11 (21... Qh4 $6 22. Nf4 $16) 22. Nf4 Bf7 23. Rec1 Ng5 24. Bf1 h5 25. Nc5 Rfb8 26. cxd5 cxd5 27. Na6 h4 $2 {[%mdl 8192]} (27... Rxb1 $11 28. Qxb1 Bf8) 28. Nc7 $2 ({White should play} 28. Nxb8 $18 Qd8 29. Qb3) 28... Rd8 $2 ({Black should try} 28... Rxb1 $14 29. Rxb1 (29. Qxb1 Rd8 $11) 29... Rf8) 29. Rb6 $2 (29. Nxa8 $18 Rxa8 30. Qc6) 29... h3 $2 (29... Rac8 $11 {and Black stays safe.}) 30. Qc6 $2 (30. Nxa8 $18 hxg2 31. Bxg2 Rxa8 32. Qc6) 30... hxg2 31. Bxg2 (31. Nxa8 Nf3+ 32. Kxg2 Qh4 $19) 31... Qa3 $2 {[%mdl 8192]} (31... Rac8 $11) 32. h4 ({Resist} 32. Nxa8 Qxa8 33. h3 Qxc6 $18) 32... gxh3 {[#] ...Rac8 is the strong threat.} 33. Nxh3 $2 {Accuracy: White = 38%, Black = 30%.} (33. Nxa8 $18 Qxa8 34. Bxh3) 1/2-1/2

[Event "Pavlodar Open 2018"]
[Site "Pavlodar"]
[Date "2018.11.27"]
[Round "6"]
[White "Urazayev, Arystanbek"]
[Black "Mirzoev, Azer"]
[Result "0-1"]
[WhiteElo "2421"]
[BlackElo "2489"]
[Annotator "TA"]
[PlyCount "102"]
[EventDate "2018.11.23"]
[EventType "swiss"]
[EventCountry "KAZ"]
[SourceTitle "playchess.com"]
[Source "ChessBase"]
[SourceQuality "1"]

{[%evp 31,102,23,33,17,26,37,26,13,14,11,38,56,35,23,75,41,54,49,39,45,60,69,71,86,66,77,81,81,92,66,75,73,85,0,55,41,129,70,94,91,85,81,85,36,51,0,0,0,0,0,0,-349,-99,-125,-109,-255,0,-361,-354,-777,-641,-855,-851,-844,-836,-970,-948,-920,-897,-1241,-1097,-29990,-29984]} 1. e4 e5 2. Nf3 Nc6 3. Bb5 {[%cal Bf1b5,Bb5a4,Ba4b3][%mdl 32]} Nf6 4. O-O d6 5. Re1 Bd7 6. c3 a6 7. Ba4 Be7 8. d4 O-O 9. Nbd2 b5 10. Bb3 h6 11. h3 Re8 12. Nf1 Bf8 13. Ng3 Na5 14. Bc2 c5 15. d5 Nc4 {C93: Closed Ruy Lopez: Smyslov Variation} 16. Nh2 (16. a4 Nb6 17. a5 Nc4 18. b4 Nh7 19. Bd3 Rc8 20. Bxc4 bxc4 21. Be3 cxb4 22. cxb4 g6 23. Qc1 h5 24. Ra3 h4 25. Nf1 f5 26. N1d2 fxe4 27. Nxe4 {½-½ (52) Navara,D (2710)-Azarov,S (2618) Czechia 2013}) 16... g6 {LiveBook: 5 Games} 17. Rf1 Bg7 {The position is equal.} 18. b3 Nb6 19. f4 exf4 20. Bxf4 {Black should prevent Qd2.} Bc8 $146 ({Predecessor:} 20... Qe7 21. Qd2 g5 22. e5 Nfxd5 23. exd6 Qd8 {0-1 (23) Mihaljcisin,M-Pachman,L Athens 1968}) 21. Qd2 Kh7 22. Rae1 Ra7 (22... a5 $11) 23. Nf3 Rae7 24. Kh1 a5 25. Bd3 Ba6 26. Qc1 Qc7 27. c4 bxc4 28. bxc4 Nbd7 29. Qd2 Ng8 30. Qf2 Ngf6 31. Rd1 Rd8 32. Rde1 (32. e5 $16 Nxe5 33. Nxe5 Rxe5 34. Bxe5 dxe5 35. Be2) 32... Rb8 ({Black should try} 32... Rde8 $1 $11) 33. Qd2 $14 Rd8 {[#]} (33... Ne8 $14) 34. Rf2 (34. e5 $1 $16 {[%cal Re5d6][%mdl 512]} Nxe5 (34... dxe5 35. d6) 35. Nxe5 Rxe5 36. Bxe5 dxe5 37. Rf3) 34... Bc8 35. Rfe2 Ne8 36. Nh5 {Black must now prevent e5!} Be5 37. Bxh6 gxh5 38. Qg5 ({White should play} 38. Rf1 $14) 38... f6 $11 39. Qxh5 {And now Bf8+ would win.} Ng7 40. Qh4 $1 Rh8 $1 {Strongly threatening ...Kg6.} 41. Rf1 $2 {[%mdl 8192]} (41. Re3 $11) 41... Kg8 $2 (41... Kg6 $1 $19 {is more deadly.} 42. Qg4+ (42. Nxe5+ $2 Rxe5 43. Qg4+ Kxh6 $19) 42... Kxh6 43. Qh4+ Nh5 44. Nxe5 Rxe5) 42. Ref2 Qd8 $1 43. g4 {[#]} (43. Bc2 $17 {keeps fighting.}) 43... Qe8 $2 (43... Rf7 $1 $19 44. Kg2 {[#]} Bf4 $1 {[%mdl 512]} 45. Bxf4 Rxh4 46. Nxh4 Ne5 47. Bxe5 dxe5) 44. g5 $2 {[%mdl 8192]} (44. Nxe5 $11 {and White stays safe.} Rxe5 45. Kh2) 44... fxg5 $19 45. Nxg5 $2 (45. Qxg5 Bf6 46. Qd2) 45... Qg6 46. Qg4 Rxh6 47. Qxd7 Qxg5 ({But not} 47... Rxh3+ $2 48. Qxh3 Nf5 49. exf5 $18) 48. Qxc8+ Re8 ({Wrong is} 48... Ne8 $2 49. Rg2 $18) 49. Rf8+ Rxf8 50. Rxf8+ Kh7 {Threatens to win with ...Rh4.} 51. Rf7 Rg6 {Accuracy: White = 41%, Black = 46%.} 0-1

[Event "Pavlodar Open 2018"]
[Site "Pavlodar"]
[Date "2018.11.27"]
[Round "6"]
[White "Saiyn, Zhanat"]
[Black "Makhnev, Denis"]
[Result "1/2-1/2"]
[WhiteElo "2378"]
[BlackElo "2458"]
[Annotator "TA"]
[PlyCount "30"]
[EventDate "2018.11.23"]
[EventType "swiss"]
[EventCountry "KAZ"]
[SourceTitle "playchess.com"]
[Source "ChessBase"]
[SourceQuality "1"]

{[%evp 19,20,0,0]} 1. d4 d5 2. Nf3 Nf6 3. c4 c6 4. cxd5 cxd5 5. Nc3 Nc6 6. Bf4 Bf5 7. e3 e6 8. Bd3 Bxd3 9. Qxd3 Bd6 10. Bxd6 Qxd6 {LiveBook: 1971 Games} {Predecessor:} 11. O-O $146 O-O 12. Rfc1 Rfc8 13. h3 h6 14. Nd2 Nd7 15. Ne2 Ne7 {½-½ (15) Bu,X (2725)-Duda,J (2724) Liaocheng 2018} 1/2-1/2

[Event "Pavlodar Open 2018"]
[Site "Pavlodar"]
[Date "2018.11.27"]
[Round "6"]
[White "Kazakov, Konstantin"]
[Black "Khanin, Semen"]
[Result "1/2-1/2"]
[WhiteElo "2358"]
[BlackElo "2510"]
[Annotator "TA"]
[PlyCount "45"]
[EventDate "2018.11.23"]
[EventType "swiss"]
[EventCountry "KAZ"]
[SourceTitle "playchess.com"]
[Source "ChessBase"]
[SourceQuality "1"]

{[%evp 14,15,12,12]} 1. e4 e5 2. Nf3 Nc6 3. Bc4 Bc5 4. c3 {[%cal Bc2c3,Bc3d4][%mdl 32]} Nf6 5. d4 exd4 6. cxd4 Bb4+ 7. Bd2 Bxd2+ 8. Nbxd2 {LiveBook: 546 Games} {Predecessor:} d5 $146 9. exd5 Nxd5 10. Qb3 Na5 11. Qa4+ Nc6 12. Qb3 Nce7 13. O-O O-O 14. Rfe1 c6 15. Ne4 Nb6 16. Bd3 Ned5 17. Nc5 Nf6 18. Rac1 Rb8 19. Qa3 a6 20. Qb3 Qc7 21. Ne4 Nfd5 22. Nc3 Qd6 23. Be4 {½-½ (36) Jones,G (2640)-Karjakin,S (2753) Wijk aan Zee 2018} 1/2-1/2

[Event "Pavlodar Open 2018"]
[Site "Pavlodar"]
[Date "2018.11.28"]
[Round "7"]
[White "Vorobiov, Evgeny E."]
[Black "Nevostrujev, Vladimir"]
[Result "*"]
[WhiteElo "2557"]
[BlackElo "2391"]
[Annotator "TA"]
[PlyCount "36"]
[EventDate "2018.11.23"]
[EventType "swiss"]
[EventCountry "KAZ"]
[SourceTitle "playchess.com"]
[Source "ChessBase"]
[SourceQuality "1"]

{[%evp 5,5,14]} 1. d4 d5 2. c4 e6 3. Nc3 {Predecessor:} Nf6 $146 4. cxd5 Nxd5 5. e4 Nxc3 6. bxc3 c5 7. Nf3 cxd4 8. cxd4 Bb4+ 9. Bd2 Bxd2+ 10. Qxd2 O-O 11. h4 b6 12. h5 h6 13. g4 Bb7 14. Qe3 Nc6 15. a3 b5 16. Be2 a6 17. Rd1 Qa5+ 18. Kf1 f6 {0-1 (54) Caruana,F (2822)-Dominguez Perez,L (2739) Saint Louis 2018} *

[Event "Pavlodar Open 2018"]
[Site "Pavlodar"]
[Date "2018.11.28"]
[Round "7"]
[White "Malakhatko, Vadim"]
[Black "Zubarev, Alexander"]
[Result "0-1"]
[WhiteElo "2545"]
[BlackElo "2484"]
[Annotator "TA"]
[PlyCount "116"]
[EventDate "2018.11.23"]
[EventType "swiss"]
[EventCountry "KAZ"]
[SourceTitle "playchess.com"]
[Source "ChessBase"]
[SourceQuality "1"]

{[%evp 27,116,-11,-2,-16,0,-32,0,-13,0,-5,15,0,33,-28,-18,-37,-3,-108,-98,-91,-94,-88,-101,-102,-70,-56,-71,-70,-51,-85,-60,-69,-71,-79,-34,-59,-45,-91,-85,-302,-47,-58,-56,-41,-26,-44,-29,-34,-50,-72,-49,-44,-9,-7,-6,-10,-9,-3,0,-34,0,-71,-71,-78,-75,-105,-88,-116,-101,-114,-95,-201,-201,-204,-162,-194,-140,-143,-142,-233,-231,-340,-337,-470,-472,-458,-444,-489,-483,-531,-523]} 1. d4 e6 2. c4 b6 3. a3 Bb7 4. Nc3 Nf6 5. Nf3 d5 6. cxd5 Nxd5 7. e3 Be7 8. Bb5+ c6 9. Bd3 O-O 10. e4 Nxc3 11. bxc3 c5 12. O-O cxd4 13. cxd4 Nc6 {[%cal Bb8c6,Bc6a5,Ba5c4][%mdl 32]} 14. Be3 Rc8 15. Qb1 {E12: Queen's Indian: Unusual White 4th moves, 4 a3, 4 Nc3 Bb7 5 a3 and 4 Nc3 Bb7} (15. Qe2 Na5 16. Rfe1 Qc7 17. a4 Rfd8 18. h4 h6 19. h5 Bd6 20. Rac1 Qd7 21. Bb5 Qe7 22. Rxc8 Rxc8 {1-0 (44) Sanikidze,T (2497)-Tabatabaei,M (2576) Batumi 2018}) 15... Na5 16. Rd1 (16. Bd2 $5 {[%cal Rd2a5]} Qd7 17. Re1 $11) 16... Nc4 17. Bc1 $146 {The position is equal.} ({Predecessor:} 17. Bf4 g6 18. Bh6 Re8 19. Qa2 Nd6 20. Re1 Bf8 {½-½ (20) Popov,L (2430)-Orso,M (2350) Kecskemet 1979}) 17... g6 18. Qa2 Nd6 19. Qe2 Rc3 20. d5 ({White should play} 20. Re1 $14) 20... exd5 $11 21. e5 $1 {[%cal Re5d6]} Nc4 22. Nd4 (22. Qe1 $1 $11 Rxd3 23. Rxd3) 22... Re8 $17 23. Nb5 {[#]} Rxd3 $1 {[%mdl 512]} 24. Qxd3 (24. Rxd3 Nxe5) 24... Nxe5 25. Qb3 a6 26. Nd4 Bc5 27. Bb2 Nc4 $36 {[%mdl 2048] Black fights for an advantage.} 28. Bc3 Re4 {aiming for ...Qh4.} 29. Nf3 $1 b5 30. Bd4 Bf8 31. Qc3 Qe7 {[%cal Rc4a3]} 32. Bf6 Qd6 {[%cal Rc4a3]} 33. Ng5 $2 {[#]} (33. Re1 $17) 33... Rf4 $2 (33... Rh4 34. Nf3 $17) (33... Rg4 $1 $19 {Strongly threatening ...d4.} 34. Qf3 (34. Qh3 $2 h5 $19) 34... Rf4) 34. Bd4 $1 $15 h6 35. Nf3 Re4 {[%cal Rc4a3]} 36. Nd2 Re8 {[%cal Rc4a3]} 37. Nb3 Rc8 38. Qh3 Qe6 (38... a5 {is more complex.} 39. a4 b4 40. Re1 Qd8 41. Qf3 Bc6) 39. Qf3 Qf5 (39... a5 {is interesting.} 40. Re1 Qd6 41. a4 b4 42. Qg4 Be7) 40. Qxf5 gxf5 41. a4 b4 42. a5 Bd6 43. Re1 Bc6 44. Bf6 (44. Bc5 $11) 44... Kh7 $17 45. Bd4 Bd7 46. f3 Kg6 47. g3 f4 48. Kf2 f6 49. gxf4 (49. Red1 $17) 49... Kf7 $19 ({But not} 49... Bxf4 50. Re7 $15) 50. Red1 Bxf4 51. Nc5 Bb5 (51... Bf5 $19 52. Ra2 Bd6) 52. Nd3 $17 Bd6 ({Much less strong is} 52... Bxh2 53. Rh1 $15) 53. Rdc1 (53. Rab1 $17) 53... Bd7 $19 54. h4 (54. Rab1 {keeps fighting.}) 54... Bf5 55. Nb2 Be5 {Black is clearly winning.} 56. Bxe5 fxe5 ({Inferior is} 56... Nxe5 57. Rxc8 Bxc8 58. Rc1 $11) 57. Na4 {Now Nb6 and White clings on.} b3 58. Rc3 Rb8 {Accuracy: White = 27%, Black = 61%.} 0-1

[Event "Pavlodar Open 2018"]
[Site "Pavlodar"]
[Date "2018.11.28"]
[Round "7"]
[White "Utegaliyev, Azamat"]
[Black "Kazakov, Konstantin"]
[Result "1-0"]
[WhiteElo "2518"]
[BlackElo "2358"]
[Annotator "TA"]
[PlyCount "131"]
[EventDate "2018.11.23"]
[EventType "swiss"]
[EventCountry "KAZ"]
[SourceTitle "playchess.com"]
[Source "ChessBase"]
[SourceQuality "1"]

{[%evp 20,131,20,21,6,10,20,18,24,25,26,24,27,22,31,18,23,20,23,18,20,20,30,30,37,37,41,41,52,40,41,35,39,39,47,56,65,55,58,0,17,0,66,63,79,45,49,47,111,73,118,100,102,37,97,87,114,106,123,133,122,132,213,89,127,134,158,152,131,123,164,160,196,196,272,263,272,272,272,272,324,335,382,382,490,488,494,485,480,491,537,537,551,551,699,842,760,835,771,754,1643,1596,1519,1564,2118,1974,29979,29980,29979,4802,29983,29984,29988,29989]} 1. e4 e5 2. Nf3 Nc6 3. Bb5 a6 4. Ba4 Nf6 5. O-O Be7 6. Bxc6 dxc6 7. d3 Nd7 8. b3 O-O {C85: Closed Ruy Lopez: Deferred Exchange Variation} 9. Bb2 Bd6 10. Nbd2 c5 11. Nc4 {[%cal Rf3e5] LiveBook: 16 Games} f6 12. Nh4 Nb8 13. Nf5 Bxf5 14. exf5 Nc6 15. Qg4 Qd7 16. Qe4 {[#]} Rab8 $146 ({Predecessor:} 16... Kh8) 17. Rae1 b5 18. Ne3 Ne7 19. g3 Qc6 20. Qg4 Rbe8 21. h4 Kh8 22. h5 Ng8 23. Qe4 Ne7 24. Rd1 Rd8 25. Qg4 Ng8 {[%cal Be7g8,Bg8h6,Bh6f7,Bf7g5][%mdl 32]} 26. Rfe1 Nh6 27. Qe4 Qe8 28. Qf3 Nf7 29. Nf1 Ng5 30. Qg4 Qd7 ({Better is} 30... Qc6 $11 31. Nd2 c4) 31. Bc1 $14 Nf7 32. Qe4 Be7 33. g4 c6 ({Black should play} 33... a5 $14) 34. Ng3 Qd5 35. c4 Qd7 36. h6 (36. Qe2 $16) 36... gxh6 (36... Nxh6 $14 37. Bxh6 gxh6) 37. Kg2 $16 Rg8 38. Rh1 Qd4 39. f3 Qxe4 40. Nxe4 Ng5 (40... Nd6 $16 {was worth a try.}) 41. Ng3 (41. Rxh6 $18 Nxe4 {[%mdl 64] Pin} 42. Rdh1) 41... Bf8 42. Kf2 {[%mdl 1024] White has strong compensation.} Rd7 43. Ke2 a5 44. Be3 b4 {[#]} 45. a3 $1 {[%mdl 512]} a4 (45... bxa3 46. Ra1) 46. bxa4 Kg7 (46... Be7 $142 47. Rxh6 Nf7) 47. Ne4 $18 Be7 48. Nxc5 Bxc5 49. Bxc5 bxa3 50. Ra1 ({Less strong is} 50. Bxa3 Ra8 $16) 50... Rb8 51. Rxa3 Rb2+ 52. Ke3 Rdb7 53. a5 Rg2 {[#] ...Rbb2 is the strong threat.} 54. Bb6 $1 Rb8 55. Rha1 h5 56. gxh5 Kf7 57. R3a2 Rg3 58. Rf1 Nh3 59. a6 {[%cal Ba5a6,Ba6a7][%mdl 32]} Nf4 60. a7 Ra8 61. Rb1 Rgg8 62. Bc5 {Rb7+ would kill now.} Rgd8 63. Rb7+ Kg8 64. d4 h6 65. Rab2 Re8 66. Rb8 {Accuracy: White = 70%, Black = 36%.} 1-0